• 首页
  • 本馆介绍
  • 公告通知
  • 最新文献
  • 馆藏检索
  • 电子资源
  • 读者导购
  • 参考咨询
  • 我的图书馆
  • 登录
  • 详细信息显示
  • 放入我的书架
  • 预约/预借图书
  • 作者相关作品
  • 分类相关作品
  • 丛书相关作品
  • 出版社相关作品

书目信息

  • 表格格式
  • 工作单格式
  • 卡片格式
题名:
电声学基础
    
 
作者: 冯秉铨 编
分册:  
出版信息: 北京   高等教育出版社  1957
页数: 202页
开本: 20cm
丛书名:
单 册:
中图分类: TM912.1
科图分类:
主题词: 蓄电池
电子资源:
ISBN:
000 00518nam0 2200193 450
001 0657131525
005 20060721153938.59
010    @dCNY1.30
100    @a20060720d1957 km y0chiy0120 ea
101 0  @achi
102    @aCN@b110000
200 1  @a电声学基础@Adian sheng xue ji chu@f冯秉铨 编@Ffeng bing quan bian
210    @a北京@c高等教育出版社@d1957
215    @a202页@d20cm
606 0  @a蓄电池
690    @aTM912.1@v3
701  0 @a冯秉铨@Afeng bing quan@4编
801  0 @aCN@bPFT@c20060721
905    @a10447@dTM912.1@e88
    
    电声学基础/冯秉铨 编.-北京:高等教育出版社,1957
    202页;20cm
    
    
    ISBN :CNY1.30
    
●
相关链接 在E读中查询图书 在五车中查询图书 在当当中查询图书 在豆瓣中查询图书


正题名:电声学基础     索取号:TM912.1/88         预约/预借

序号 登录号 条形码 馆藏地/架位号 状态 备注
1 0437835   204378351   密集书库/ [索取号:TM912.1/88] 在馆    
唐山师范学院图书馆 欢迎您!
大连网信软件有限公司© 版权所有